Fußball: Rekordnationalspieler Schweiz - Statistiken

Allgemein
  • Dieses Quiz wurde 350 mal gespielt
    169 seit der letzten Aktualisierung
  • Das Durchschnittsergebnis liegt bei 9 aus 23
Antwortstatistiken
Jahr des Debüt Spiele Tore Spieler % Korrekt
2011 125 14 Granit Xhaka
94%
2010 123 31 Xherdan Shaqiri
87%
2012 89 0 Yann Sommer
85%
2001 84 42 Alex Frei
71%
2011 115 9 Ricardo Rodriguez
61%
2013 93 25 Haris Seferovic
51%
2006 108 8 Stephan Lichtsteiner
48%
1989 103 21 Stephane Chapuisat
46%
2013 81 8 Fabian Schär
39%
2000 87 20 Hakan Yakin
37%
2005 83 2 Valon Behrami
33%
2006 89 7 Gökhan Inler
32%
2011 76 10 Admir Mehmedi
25%
1991 79 6 Ciriaco Sforza
25%
1978 118 15 Heinz Hermann
25%
2004 75 10 Tranquillo Barnetta
25%
2006 76 2 Johan Djourou
23%
1995 94 2 Johann Vogel
19%
1998 81 3 Patrick Müller
16%
1996 75 1 Raphael Wicky
12%
1980 112 2 Alain Geiger
10%
1979 80 8 Andre Egli
8%
1930 80 0 Severino Minelli
5%
Keine übereinstimmenden Quizze gefunden
Verteilung der Resultate
Anzahl Personen mit jedem Resultat
Perzentil nach korrekt beantworteten Fragen
Ihre Resultats-Entwicklung
Sie haben dieses Quiz seit der letzten Aktualisierung nicht gespielt